| 000 | 00701nam a2200193Ii 4500 | ||
|---|---|---|---|
| 003 | JO-AjNU | ||
| 008 | 230605s9999||||xx |||||||||||||| ||und|| | ||
| 040 |
_aJO-AjNU _bara _erda _cJO-AjNU |
||
| 041 | _aara | ||
| 050 | 1 | 4 | _aHG3259.Q28 2000 |
| 100 | 3 |
_aاتحاد المصارف العربية, _eauthor _934629 |
|
| 245 | 0 | 0 | _aالقواعد والتعاملات الدولية المتعلقة باعتمادات الجهوز |
| 264 | 3 | 1 | _aبيروت: اتحاد المصارف العربية، 2000 |
| 300 | _a71ص | ||
| 336 |
_atext _btxt _2rdacontent |
||
| 337 |
_aunmediated _bn _2rdamedia |
||
| 338 |
_avolume _bnc _2rdacarrier |
||
| 650 | 4 |
_a الاعتمادات المستندية _934630 |
|
| 999 |
_aA14218 _c17786 _d17786 |
||